Questions sur Detroit Become Human - Statistiques

Statistiques générales
  • Ce quiz a été pris 28 fois
  • Le résultat moyen est 6 sur 15
Statistiques - réponses
Question Réponse % Correct
Quel est le grade du coéquipier de Connor, Hank Anderson ? Lieutenant
78%
Quel est le nom du père d'Alice ? Todd Williams
72%
Comment s'appelle un Androide qui acquiert une conscience ? Un déviant
72%
Comment s'appelle l'entreprise qui conçoit les Androides ? CyberLife
61%
En quelle année commence le jeu ? 2038
56%
Quel est le seul endroit du jeu où les 3 personnages principaux peuvent être rassemblés ? Jericho
56%
Où Kara, Alice et Luther cherchent-ils à aller pour y trouver refuge pendant le dernier tiers du jeu ? Au Canada
50%
Quel liquide vital sert de sang aux Androides ? Le Thirium 310 ou sang bleu
50%
Comment s'appelle l'Androide que l'on peut voir sur l'écran d'accueil ? Chloé
33%
Avant l'arrivée de Markus, qui était l'androide chef de Jericho ? Lucy
28%
Quels sont les 3 principaux coéquipiers de Markus, qui sont également ses bras droits ? North, Simon et Josh
28%
Comment s'appelle la grande tour où s'introduisent Markus et ses compagnons afin de diffuser un message ? Tour Stratford
22%
Qui est présent au moment de la mort de Carl, à part la police ? Markus et Leo
17%
Comment s'appelle le test auquel Elijah Kamski soumet Connor, pour déterminer par ses choix s'il a des émotions ? Le test de Turing
11%
Comment s'appelle le parc d'attractions dans lequel se réfugient Kara, Alice et Luther ? L'Ile aux Pirates
6%
Aucun quiz correspondant
Distribution des résultats
% des personnes avec chaque résultat
Percentile par nombre de réponses
Votre historique - résultats
Vous n’avez pas pris ce quiz